000
00328nam a2200121Ia 4500
008
190723s9999 xx 000 0 und d
020
_a
978-969-407-382-8
100
_a
Professor Ziauddin Ahmad
245
0
_a
Mohammad Ali Jinnah : The Architect Of Pakistan
260
_a
Karachi
_b
Royal Book
_c
2010
300
_a
516
942
_c
BK
999
_c
1254
_d
1254